[Event "Madrid 72/427"]
[Site "?"]
[Date "1998.??.??"]
[Round "?"]
[White "Beliavsky, Alexander G"]
[Black "Svidler, Peter"]
[Result "0-1"]
[WhiteElo "2690"]
[BlackElo "2690"]
[PlyCount "86"]
[EventDate "1998.??.??"]
[Source "ChessBase"]
[SourceDate "1998.02.01"]

1. d4 Nf6 2. c4 g6 3. Nc3 d5 4. cxd5 Nxd5 5. e4 Nxc3 6. bxc3 Bg7 7. Bc4 c5 8. Ne2 Nc6 9. Be3 cxd4 10. cxd4 Qa5+ 11. Bd2 Qd8 12. Bc3 O-O 13. O-O Bg4 14. f3 Bd7 15. Rb1 Qc7 16. Qd2 a6 17. Bb3 b5 18. Kh1 Qb6 19. f4 Rac8 20. f5 b4 21. Ba1 Na5 22. Nf4 Nxb3 23. Rxb3 a5 24. Qf2 Bc6 25. Re1 e5 26. f6 Bxf6 27. Nh5 Bh8 28. Nf6+ Bxf6 29. Qxf6 Qd8 30. dxe5 Qxf6 31. exf6 Bxe4 32. Rbe3 Bd5 33. R3e2 Rfd8 34. Kg1 h6 35. Kf2 Be6 36. a3 bxa3 37. h3 a2 38. Be5 a4 39. Ra1 Rc5 40. Bb2 Rb5 41. Rc1 Rdb8 42. Ba1 Rb1 43. Ree1 g5 0-1

[Event "Deutschland"]
[Site "?"]
[Date "2003.??.??"]
[Round "?"]
[White "Sakaev, K."]
[Black "McShane, L."]
[Result "1-0"]
[WhiteElo "2657"]
[BlackElo "2649"]
[PlyCount "75"]
[EventDate "2003.??.??"]
[Source "Chess Informant"]
[SourceDate "2003.10.01"]

1. d4 Nf6 2. c4 g6 3. Nc3 d5 4. cxd5 Nxd5 5. e4 Nxc3 6. bxc3 Bg7 7. Bc4 c5 8. Ne2 Nc6 9. Be3 cxd4 10. cxd4 Qa5+ 11. Bd2 Qd8 12. Be3 Qa5+ 13. Bd2 Qd8 14. Bc3 O-O 15. Qd2 Bd7 16. O-O Rc8 17. Rac1 a6 18. Bb3 e6 19. d5 exd5 20. Bxg7 Kxg7 21. Bxd5 f6 22. Nf4 Qe7 23. h3 Rfd8 24. Qe3 Kh8 25. Qb6 Be8 26. Rb1 Rb8 27. Rfc1 Rd6 28. Qb2 Ne5 29. Rc3 Bc6 30. Bxc6 Nxc6 31. Nd5 Qxe4 32. Nxf6 Qe5 33. Ne4 Re6 34. Ng5 Re7 35. Nf3 Qf6 36. Rxc6 Qxb2 37. Rxb2 Rd8 38. Rcb6 1-0

[Event "25th Politiken Cup"]
[Site "Copenhagen"]
[Date "2003.07.20"]
[Round "7"]
[White "Nielsen, Peter Heine"]
[Black "McShane, Luke J"]
[Result "1-0"]
[WhiteElo "2636"]
[BlackElo "2619"]
[PlyCount "53"]
[EventDate "2003.07.14"]
[Source "Roberto Alvarez"]
[SourceDate "2003.08.04"]

1. d4 Nf6 2. c4 g6 3. Nc3 d5 4. cxd5 Nxd5 5. e4 Nxc3 6. bxc3 c5 7. Bc4 Bg7 8. Ne2 Nc6 9. Be3 cxd4 10. cxd4 Qa5+ 11. Bd2 Qd8 12. d5 Ne5 13. Bc3 O-O 14. Bb3 Qb6 15. f4 Nd7 16. Bxg7 Kxg7 17. Rc1 Rd8 18. Rc4 e5 19. Qa1 f6 20. Qc3 exf4 21. Nxf4 Ne5 22. Rc7+ Kh8 23. Rf1 Bd7 24. Ne6 Rdc8 25. Rxf6 Rxc7 26. Rf8+ Rxf8 27. Qxe5+ 1-0

[Event "Hoogovens"]
[Site "Wijk aan Zee"]
[Date "1998.01.25"]
[Round "8"]
[White "Piket, Jeroen"]
[Black "Polgar, Judit"]
[Result "1/2-1/2"]
[WhiteElo "2575"]
[BlackElo "2670"]
[PlyCount "58"]
[EventDate "1998.01.16"]
[Source "ChessBase"]
[SourceDate "1998.04.09"]

1. d4 Nf6 2. c4 g6 3. Nc3 d5 4. cxd5 Nxd5 5. e4 Nxc3 6. bxc3 Bg7 7. Bc4 c5 8. Ne2 Nc6 9. Be3 cxd4 10. cxd4 Qa5+ 11. Bd2 Qd8 12. Bc3 O-O 13. Rc1 Bd7 14. O-O Rc8 15. Qb3 Qb6 16. Qxb6 axb6 17. Rfd1 Rfd8 18. Rb1 Be8 19. d5 Na5 20. Bxg7 Nxc4 21. Bd4 b5 22. f3 e5 23. dxe6 fxe6 24. Bc3 Rxd1+ 25. Rxd1 Ra8 26. Nc1 Kf7 27. Kf2 e5 28. h4 Ke6 29. Rd3 Bc6 1/2-1/2

[Event "Montilla"]
[Site "Montilla"]
[Date "1976.08.26"]
[Round "9"]
[White "Karpov, Anatoly"]
[Black "Kavalek, Lubomir"]
[Result "1/2-1/2"]
[WhiteElo "2695"]
[BlackElo "2540"]
[PlyCount "33"]
[EventDate "1976.08.16"]
[Source "ChessBase"]

1. d4 Nf6 2. c4 g6 3. Nc3 d5 4. cxd5 Nxd5 5. e4 Nxc3 6. bxc3 Bg7 7. Bc4 b6 8. Ne2 Bb7 9. f3 O-O 10. O-O Nc6 11. Be3 Qd7 12. Bd3 Na5 13. Qd2 c5 14. Bh6 cxd4 15. Bxg7 Kxg7 16. cxd4 Rac8 17. Rac1 1/2-1/2

[Event "Greece 72/426"]
[Site "?"]
[Date "1998.??.??"]
[Round "?"]
[White "Nenashev, Alexander"]
[Black "Atalik, Suat"]
[Result "0-1"]
[WhiteElo "2625"]
[BlackElo "2595"]
[PlyCount "40"]
[EventDate "1998.??.??"]
[Source "ChessBase"]
[SourceDate "1998.02.01"]

1. d4 Nf6 2. c4 g6 3. Nc3 d5 4. cxd5 Nxd5 5. e4 Nxc3 6. bxc3 Bg7 7. Bc4 c5 8. Ne2 Nc6 9. Be3 cxd4 10. cxd4 Qa5+ 11. Bd2 Qh5 12. e5 Qg4 13. Qb3 Nxd4 14. Nxd4 Qxd4 15. Qa4+ Kf8 16. O-O Be6 17. Rac1 Qxd2 18. Rfd1 Qf4 19. Qxa7 Qxh2+ 20. Kxh2 Bxe5+ 0-1

[Event "Ashdod"]
[Site "?"]
[Date "2004.??.??"]
[Round "?"]
[White "Kaidanov, G."]
[Black "Avrukh, B."]
[Result "1/2-1/2"]
[WhiteElo "2610"]
[BlackElo "2610"]
[PlyCount "67"]
[EventDate "2004.??.??"]
[Source "Chess Informant"]
[SourceDate "2004.10.01"]

1. d4 Nf6 2. c4 g6 3. Nc3 d5 4. cxd5 Nxd5 5. e4 Nxc3 6. bxc3 Bg7 7. Bc4 c5 8. Ne2 Nc6 9. Be3 cxd4 10. cxd4 Qa5+ 11. Bd2 Qd8 12. Be3 Qa5+ 13. Bd2 Qd8 14. Bc3 O-O 15. O-O Bg4 16. f3 Bd7 17. Rb1 Qc7 18. Rc1 Rac8 19. Qd2 Ne5 20. Bb3 Nc4 21. Bxc4 Qxc4 22. Bb4 Bh6 23. f4 Qe6 24. Nc3 Rfe8 25. Bc5 b6 26. d5 Qg4 27. Be3 Rc4 28. d6 Bc6 29. Qd3 b5 30. dxe7 Rxe7 31. Nd5 Bxd5 32. exd5 Rxc1 33. Bxc1 Qe2 34. Qxe2 1/2-1/2

[Event "It (Men) Copenhagen DEN"]
[Site "?"]
[Date "2005.07.21"]
[Round "8"]
[White "Sakaev Konstantin"]
[Black "Kurnosov Igor"]
[Result "1-0"]
[WhiteElo "2669"]
[BlackElo "2549"]
[PlyCount "205"]
[EventDate "2005.??.??"]
[Source "www.chesslib.no"]
[SourceDate "2004.05.04"]

1. d4 Nf6 2. c4 g6 3. Nc3 d5 4. cxd5 Nxd5 5. e4 Nxc3 6. bxc3 Bg7 7. Bc4 c5 8. Ne2 Nc6 9. Be3 cxd4 10. cxd4 b5 11. Bd5 Bd7 12. Rc1 Rc8 13. O-O O-O 14. Bxc6 Rxc6 15. Rxc6 Bxc6 16. d5 Bd7 17. Qd2 a5 18. Rc1 b4 19. Nd4 e6 20. Rc5 exd5 21. exd5 Re8 22. Nc6 Qh4 23. d6 a4 24. Nxb4 Be5 25. h3 Re6 26. Rd5 Qe4 27. Rd3 a3 28. f3 Qc4 29. Nd5 Bxd6 30. Nf6+ Rxf6 31. Rxd6 Rxd6 32. Qxd6 Qe6 33. Qxa3 f6 34. Qa7 Qc6 35. a3 Kf7 36. Qd4 Qa4 37. Qd5+ Be6 38. Qd6 Qd7 39. Qb4 Qd1+ 40. Kh2 Qb3 41. Qc5 Qb8+ 42. Kh1 Qc8 43. Qb6 Qd7 44. Bd4 h5 45. Qb2 Bxh3 46. Bxf6 Bf5 47. Kh2 Qa4 48. Bd4 Qa6 49. Qc3 Qc8 50. Qe3 Qc7+ 51. Be5 Qc4 52. Bf4 Bd7 53. Bd6 Qh4+ 54. Kg1 Qf6 55. Bf4 Qe6 56. Be5 Qf5 57. Bf4 Qe6 58. Qd2 Bc6 59. Kh2 Qd5 60. Qe3 Qe6 61. Qd4 Qe7 62. Qc4+ Qe6 63. Qc3 Qf6 64. Be5 Qe6 65. Qe3 Qf5 66. Qc5 Qd7 67. Bd6 g5 68. Qc4+ Kf6 69. Qd4+ Kg6 70. Qe5 Qf7 71. Qc3 Qd5 72. Be7 Qe6 73. Qc2+ Kg7 74. Bxg5 Qe5+ 75. f4 Qd5 76. a4 Bb7 77. a5 Kf8 78. Bh6+ Ke7 79. Qh7+ Kd6 80. Qg6+ Kc7 81. a6 Bc6 82. f5 Qe5+ 83. Qg3 Qxg3+ 84. Kxg3 h4+ 85. Kh3 Kd6 86. Bf4+ Ke7 87. Bg5+ Kd6 88. Bxh4 Ke5 89. g4 Ba8 90. Kg3 Bc6 91. Bd8 Ba8 92. Bb6 Bc6 93. Bc7+ Kf6 94. Kf4 Kf7 95. g5 Bb5 96. a7 Bc6 97. Ke5 Bb7 98. g6+ Kg7 99. Bd8 Ba8 100. Bf6+ Kg8 101. Kf4 Bc6 102. Be5 Kf8 103. f6 1-0

[Event "Beersheba"]
[Site "Beersheba"]
[Date "1990.??.??"]
[Round "6"]
[White "Kortschnoj, Viktor"]
[Black "Ftacnik, Lubomir"]
[Result "1/2-1/2"]
[WhiteElo "2625"]
[BlackElo "2560"]
[PlyCount "83"]
[EventDate "1990.03.??"]
[Source "ChessBase"]

1. d4 Nf6 2. c4 g6 3. Nc3 d5 4. cxd5 Nxd5 5. e4 Nxc3 6. bxc3 Bg7 7. Bc4 O-O 8. Be3 Nc6 9. Nf3 e5 10. Rc1 Bg4 11. d5 Na5 12. Be2 Bxf3 13. Bxf3 Nc4 14. Bc5 Re8 15. Qb3 Bh6 16. Rd1 b6 17. Qxc4 bxc5 18. Qxc5 Qd6 19. Qa5 Reb8 20. O-O Rb6 21. Be2 Bf8 22. Bc4 Qc5 23. Qxc5 Bxc5 24. Rd2 Rab8 25. Bb3 Rf6 26. g3 Rf3 27. Rc1 Ba3 28. Rcc2 g5 29. Kg2 Rf6 30. Rd3 Bc5 31. Rf3 Rbb6 32. Rxf6 Rxf6 33. Ba4 Ra6 34. Bb5 Rb6 35. a4 Kg7 36. c4 a6 37. a5 Rb8 38. Bxa6 Ra8 39. Bb5 Rxa5 40. h4 gxh4 41. gxh4 Ra3 42. h5 1/2-1/2

[Event "Sochi"]
[Site "Sochi"]
[Date "1980.??.??"]
[Round "7"]
[White "Vaganian, Rafael A"]
[Black "Tseshkovsky, Vitaly"]
[Result "1/2-1/2"]
[WhiteElo "2590"]
[BlackElo "2595"]
[PlyCount "32"]
[EventDate "1980.09.??"]
[Source "ChessBase"]

1. d4 Nf6 2. c4 g6 3. Nc3 d5 4. cxd5 Nxd5 5. e4 Nxc3 6. bxc3 Bg7 7. Bc4 c5 8. Ne2 Nc6 9. Be3 cxd4 10. cxd4 b5 11. Bxb5 Qa5+ 12. Nc3 Qxc3+ 13. Bd2 Qxd4 14. Bxc6+ Bd7 15. Bxa8 Qxa1 16. Qxa1 Bxa1 1/2-1/2

[Event "CCOL corr"]
[Site "CCOL corr"]
[Date "1987.??.??"]
[Round "?"]
[White "Povah, Nigel E"]
[Black "Zilberberg, Alik S"]
[Result "1/2-1/2"]
[WhiteElo "2605"]
[BlackElo "2565"]
[PlyCount "77"]
[EventDate "1987.??.??"]
[Source "www.chesslib.no"]
[SourceDate "2004.05.04"]

1. d4 Nf6 2. c4 g6 3. Nc3 d5 4. cxd5 Nxd5 5. e4 Nxc3 6. bxc3 Bg7 7. Bc4 O-O 8. Be3 Nc6 9. Qd2 Na5 10. Bd3 c5 11. Ne2 b6 12. Bh6 cxd4 13. cxd4 Bxd4 14. Rd1 Bg7 15. h4 e5 16. Bxg7 Kxg7 17. h5 Qe7 18. Nc3 Be6 19. Nd5 Bxd5 20. exd5 Kg8 21. d6 Qxd6 22. hxg6 fxg6 23. Qxa5 Qxd3 24. Rxd3 bxa5 25. Rd7 h5 26. g4 Rab8 27. gxh5 Rb1+ 28. Rd1 Rxd1+ 29. Kxd1 Kh7 30. hxg6+ Kxg6 31. Rg1+ Kf5 32. Rg3 Rd8+ 33. Ke2 Rd4 34. Ra3 a4 35. Rc3 Rh4 36. Ke3 Rh3+ 37. f3 Rh2 38. Ra3 Rh4 39. Rc3 1/2-1/2

[Event "Brno"]
[Site "?"]
[Date "1991.??.??"]
[Round "?"]
[White "Shirov, A."]
[Black "Stohl, I."]
[Result "0-1"]
[WhiteElo "2610"]
[BlackElo "2555"]
[PlyCount "120"]
[EventDate "1991.??.??"]
[Source "ChessBase"]
[SourceDate "1991.10.01"]

1. d4 Nf6 2. c4 g6 3. Nc3 d5 4. cxd5 Nxd5 5. e4 Nxc3 6. bxc3 Bg7 7. Bc4 O-O 8. Be3 Nc6 9. Nf3 e5 10. d5 Na5 11. Be2 b6 12. c4 Nb7 13. Nd2 Bd7 14. Rc1 c5 15. O-O Nd6 16. a4 a5 17. Rb1 Rb8 18. Bd3 f5 19. exf5 gxf5 20. f3 Qe7 21. Re1 Kh8 22. Bf2 Bf6 23. Kh1 Qg7 24. Qc2 Rg8 25. Bf1 Bg5 26. Bg3 f4 27. Bf2 Bf5 28. Ne4 Bxe4 29. fxe4 Qf6 30. Qc3 Rge8 31. Qh3 Rb7 32. Rb3 Qg6 33. Bd3 Bd8 34. g3 Rf7 35. gxf4 Rxf4 36. Bg3 Nxe4 37. Rxe4 Rxe4 38. Qg2 Rd4 39. Bxg6 Rd1+ 40. Qg1 Rxg1+ 41. Kxg1 hxg6 42. Kf2 e4 43. Ke3 Kg7 44. Rb1 Bg5+ 45. Ke2 e3 46. Rxb6 Re4 47. Rb7+ Kf6 48. Bc7 Kf5 49. Bxa5 Rxc4 50. d6 Rxa4 51. Bc3 Ra3 52. Bb2 Ra6 53. d7 Rd6 54. Bc1 Ke6 55. Bxe3 Bxe3 56. Kxe3 Rxd7 57. Rb8 Rh7 58. Re8+ Kd5 59. Rd8+ Kc4 60. Rd2 Kb3 0-1

[Event "ECC"]
[Site "Rethymnon"]
[Date "2003.10.01"]
[Round "4"]
[White "Parker, Jonathan"]
[Black "McShane, Luke J"]
[Result "1/2-1/2"]
[WhiteElo "2541"]
[BlackElo "2619"]
[PlyCount "83"]
[EventDate "2003.09.28"]
[Source "Roberto Alvarez"]
[SourceDate "2003.10.06"]

1. d4 Nf6 2. c4 g6 3. Nc3 d5 4. cxd5 Nxd5 5. e4 Nxc3 6. bxc3 Bg7 7. Bc4 c5 8. Ne2 Nc6 9. Be3 cxd4 10. cxd4 Qa5+ 11. Bd2 Qd8 12. d5 Ne5 13. Bc3 O-O 14. Bb3 Qb6 15. f4 Nd7 16. Bxg7 Kxg7 17. Rc1 Rd8 18. Rc4 e5 19. Qa1 Re8 20. Qc3 Kg8 21. f5 gxf5 22. exf5 Nf6 23. Rb4 Qa6 24. Ra4 Qd6 25. O-O Bd7 26. Rh4 Bb5 27. Qe3 Kh8 28. Re1 Bxe2 29. Rxe2 Rac8 30. h3 a6 31. Rh6 Rg8 32. Qxe5 Qxe5 33. Rxe5 Rc1+ 34. Kf2 Kg7 35. Rh4 Rd8 36. Rd4 Kf8 37. Re3 b5 38. g4 h6 39. Re1 Rxe1 40. Kxe1 Ke7 41. d6+ Rxd6 42. Rxd6 1/2-1/2

[Event "Hoogovens"]
[Site "Wijk aan Zee"]
[Date "1990.??.??"]
[Round "7"]
[White "Dlugy, Maxim"]
[Black "Kortschnoj, Viktor"]
[Result "1/2-1/2"]
[WhiteElo "2525"]
[BlackElo "2625"]
[PlyCount "114"]
[EventDate "1990.01.??"]
[Source "ChessBase"]

1. d4 Nf6 2. c4 g6 3. Nc3 d5 4. cxd5 Nxd5 5. e4 Nxc3 6. bxc3 Bg7 7. Bc4 O-O 8. Be3 c5 9. Ne2 Nd7 10. O-O Nb6 11. Bb3 cxd4 12. cxd4 Bg4 13. f3 Bd7 14. a4 e6 15. Qd2 Rc8 16. Qa2 Qe7 17. a5 Na8 18. Ba4 Nc7 19. Rab1 Bxa4 20. Qxa4 Na6 21. Rb5 Rc7 22. Qb3 Nb8 23. Rb1 b6 24. axb6 axb6 25. Rxb6 Nd7 26. Rb7 Nf6 27. Kf2 Rxb7 28. Qxb7 Qxb7 29. Rxb7 Ra8 30. Bf4 h5 31. Rb8+ Rxb8 32. Bxb8 Kf8 33. Be5 Ke7 34. Nc3 Bh6 35. Ke2 Ne8 36. Nb5 Kd7 37. Kd3 Bg7 38. Bxg7 Nxg7 39. g3 Ne8 40. Kc4 Nf6 41. Kc5 Nh7 42. Nd6 f6 43. f4 f5 44. e5 g5 45. d5 h4 46. dxe6+ Kxe6 47. Nb5 hxg3 48. Nd4+ Kd7 49. hxg3 gxf4 50. gxf4 Nf8 51. Kd5 Ng6 52. Ne2 Ne7+ 53. Kd4 Ng6 54. Kc5 Ke7 55. Kd5 Kd7 56. Kd4 Ke6 57. Ke3 Nxe5 1/2-1/2

[Event "Bundesliga 9293"]
[Site "Germany"]
[Date "1993.??.??"]
[Round "?"]
[White "Lobron, Eric"]
[Black "Smejkal, Jan"]
[Result "0-1"]
[WhiteElo "2625"]
[BlackElo "2525"]
[PlyCount "66"]
[EventDate "1992.10.??"]
[Source "ChessBase"]
[SourceDate "1999.07.01"]

1. d4 Nf6 2. c4 g6 3. Nc3 d5 4. cxd5 Nxd5 5. e4 Nxc3 6. bxc3 Bg7 7. Bc4 O-O 8. Be3 Nc6 9. Bd3 b6 10. h4 e5 11. d5 Na5 12. h5 c6 13. c4 b5 14. hxg6 hxg6 15. cxb5 cxd5 16. Rc1 Be6 17. Qa4 Nc4 18. Bxc4 dxc4 19. Nf3 Qb8 20. Ng5 Bd7 21. Bc5 Qxb5 22. Qxb5 Bxb5 23. Bxf8 Bxf8 24. Nf3 Bb4+ 25. Kf1 Ba3 26. Rc2 Ba4 27. Rc3 Bb2 28. Re3 c3 29. Nxe5 c2 30. Nd3 Bb5 31. Ke2 c1=Q 32. Rxc1 Bxc1 33. Rh3 Rd8 0-1

[Event "Beersheba-St Petersburg"]
[Site "Beersheba"]
[Date "1998.??.??"]
[Round "8"]
[White "Sakaev, Konstantin"]
[Black "Tseitlin, Mark D"]
[Result "1/2-1/2"]
[WhiteElo "2620"]
[BlackElo "2515"]
[PlyCount "61"]
[EventDate "1998.03.03"]
[Source "www.chesslib.no"]
[SourceDate "2004.05.04"]

1. d4 Nf6 2. c4 g6 3. Nc3 d5 4. cxd5 Nxd5 5. e4 Nxc3 6. bxc3 Bg7 7. Bc4 c5 8. Ne2 Nc6 9. Be3 cxd4 10. cxd4 Qa5+ 11. Bd2 Qd8 12. Be3 Qa5+ 13. Bd2 Qd8 14. Bc3 O-O 15. O-O Bd7 16. Qd2 Rc8 17. Rac1 a6 18. a3 b5 19. Ba2 Qb6 20. d5 Ne5 21. Bd4 Qd6 22. f4 Nc4 23. Bxc4 Bxd4+ 24. Nxd4 Rxc4 25. Rxc4 bxc4 26. Qc3 Rb8 27. h3 f6 28. Qxc4 Qxa3 29. Qc7 Qd6 30. Qxd6 exd6 31. Rc1 1/2-1/2

[Event "Corr"]
[Site "?"]
[Date "1995.??.??"]
[Round "?"]
[White "Baumbach Friedrich"]
[Black "Burger Heinrich"]
[Result "1-0"]
[WhiteElo "2539"]
[BlackElo "2595"]
[PlyCount "81"]
[EventDate "1995.??.??"]
[Source "www.chesslib.no"]
[SourceDate "2004.05.04"]

1. d4 Nf6 2. c4 g6 3. Nc3 d5 4. cxd5 Nxd5 5. e4 Nxc3 6. bxc3 Bg7 7. Bc4 O-O 8. Ne2 Qd7 9. Rb1 Qg4 10. Nf4 Qxd1+ 11. Kxd1 c6 12. Ba3 Re8 13. e5 e6 14. Ke2 b6 15. Bd6 Bf8 16. Bxf8 Kxf8 17. h4 Ba6 18. Bxa6 Nxa6 19. Nd3 Rac8 20. Rb3 Rc7 21. h5 Kg7 22. f4 Nb8 23. Nf2 Nd7 24. Ne4 c5 25. hxg6 fxg6 26. Ra3 h5 27. Kf3 cxd4 28. cxd4 Re7 29. g4 hxg4+ 30. Kxg4 Rc2 31. Rah3 Nf8 32. Nf6 Kf7 33. Rh8 Rec7 34. Nh7 R7c3 35. Rxf8+ Kg7 36. Rg1 Rh2 37. Re8 Kxh7 38. Rxe6 Rc7 39. d5 Rf7 40. Kf3 Rxa2 41. Rgxg6 1-0

[Event "Bayern-ch Bank Hofmann 4th"]
[Site "Bad Wiessee"]
[Date "2000.11.04"]
[Round "8"]
[White "Hertneck, Gerald"]
[Black "Golod, Vitali"]
[Result "1-0"]
[WhiteElo "2541"]
[BlackElo "2590"]
[PlyCount "59"]
[EventDate "2000.10.28"]
[Source "www.chesslib.no"]
[SourceDate "2004.05.04"]

1. d4 Nf6 2. c4 g6 3. Nc3 d5 4. cxd5 Nxd5 5. e4 Nxc3 6. bxc3 Bg7 7. Bc4 c5 8. Ne2 Nc6 9. Be3 cxd4 10. cxd4 Qa5+ 11. Kf1 Qa3 12. Rb1 O-O 13. Qd2 Rd8 14. f3 Qa5 15. Qb2 b5 16. Bb3 Bd7 17. Kf2 e6 18. h4 Be8 19. h5 Rac8 20. hxg6 hxg6 21. Rh3 Nb4 22. Rd1 Na6 23. e5 Bc6 24. Bg5 Nc7 25. Qc1 Nd5 26. Rdh1 Bd7 27. Qb1 Rc4 28. Qe4 Rf8 29. Rh7 f5 30. Qh4 1-0

[Event "TCh-CZE Extraliga 2003-4"]
[Site "Czech Rep"]
[Date "2004.01.10"]
[Round "5"]
[White "Zezulkin, Jurij"]
[Black "Ftacnik, Lubomir"]
[Result "1-0"]
[WhiteElo "2548"]
[BlackElo "2582"]
[PlyCount "116"]
[EventDate "2004.01.08"]
[Source "Roberto Alvarez"]
[SourceDate "2004.04.05"]

1. d4 Nf6 2. c4 g6 3. Nc3 d5 4. cxd5 Nxd5 5. e4 Nxc3 6. bxc3 Bg7 7. Bc4 Nc6 8. f4 Na5 9. Be2 c5 10. Nf3 O-O 11. Be3 Be6 12. O-O cxd4 13. cxd4 Rc8 14. Kh1 Qd6 15. Rb1 Bxa2 16. Rb5 b6 17. Ne5 f6 18. Nf3 Bc4 19. Rb1 Rfd8 20. f5 e6 21. fxg6 hxg6 22. Nh4 g5 23. e5 Qxe5 24. dxe5 Rxd1 25. Rfxd1 Bxe2 26. Rd2 Ba6 27. exf6 Bxf6 28. Rf2 Kg7 29. Nf3 Rc7 30. Bd2 Rc2 31. Rc1 Ra2 32. Be3 Ra3 33. Rc7+ Kg6 34. Rxa7 Rxe3 35. Rxa6 g4 36. Nd2 Nc4 37. g3 Nxd2 38. Rxd2 Bc3 39. Rd6 Ba5 40. Rd4 Re1+ 41. Kg2 Re2+ 42. Kh1 Re1+ 43. Kg2 Re2+ 44. Kg1 e5 45. Rxg4+ Kf5 46. Rg8 Bc3 47. Rf8+ Kg4 48. Ra4+ Bd4+ 49. Rxd4+ exd4 50. Rf4+ Kg5 51. Rxd4 Rb2 52. Rf4 b5 53. Rf2 Rb4 54. Kg2 Rc4 55. Rd2 b4 56. Rd5+ Kg6 57. Rb5 Rc2+ 58. Kh3 Rb2 1-0

[Event "Burgas"]
[Site "?"]
[Date "1992.??.??"]
[Round "?"]
[White "Razuvaev, Y."]
[Black "Stohl, I."]
[Result "1/2-1/2"]
[WhiteElo "2565"]
[BlackElo "2560"]
[PlyCount "39"]
[EventDate "1992.??.??"]
[Source "ChessBase"]
[SourceDate "1992.06.01"]

1. c4 g6 2. d4 Nf6 3. Nc3 d5 4. cxd5 Nxd5 5. e4 Nxc3 6. bxc3 Bg7 7. Bc4 O-O 8. Ne2 Nc6 9. O-O e5 10. d5 Na5 11. Bd3 b6 12. c4 Nb7 13. Nc3 Bd7 14. Bc2 f5 15. Ba4 Rf7 16. Ba3 Nd6 17. Bxd7 Qxd7 18. c5 Nxe4 19. Nxe4 fxe4 20. Qb3 1/2-1/2

[Event "Gausdal Classics GMA"]
[Site "Gausdal NOR"]
[Date "2008.04.14"]
[Round "7"]
[White "Lie, K."]
[Black "Gopal, G."]
[Result "0-1"]
[WhiteElo "2558"]
[BlackElo "2562"]
[PlyCount "112"]
[EventDate "2008.04.08"]
[Source "www.chesslib.no"]
[SourceDate "2004.05.04"]

1. d4 Nf6 2. c4 g6 3. Nc3 d5 4. cxd5 Nxd5 5. e4 Nxc3 6. bxc3 Bg7 7. Bc4 c5 8. Ne2 Nc6 9. Be3 cxd4 10. cxd4 Qa5+ 11. Bd2 Qh5 12. d5 Ne5 13. Bb5+ Bd7 14. Bxd7+ Nxd7 15. Rb1 Qg4 16. O-O Qxe4 17. Nf4 Nb6 18. Re1 Qd4 19. Bb4 Qxd1 20. Rbxd1 O-O-O 21. Rc1+ Kb8 22. Bxe7 Rd7 23. d6 Bh6 24. Bf6 Bxf4 25. Bxh8 Bxc1 26. Rxc1 Nc8 27. Be5 b6 28. g4 Kb7 29. Rc3 Nxd6 30. Rh3 Ne4 31. Kg2 Rd2 32. Rf3 Ng5 33. Rf6 Rd7 34. h4 Ne6 35. Rf3 b5 36. a3 a5 37. Re3 Kb6 38. f4 Nc5 39. Bf6 Rd6 40. Bg7 Re6 41. Rf3 Re2+ 42. Kf1 Re4 43. h5 Ne6 44. hxg6 hxg6 45. Be5 g5 46. Rh3 Nxf4 47. Rh6+ Kc5 48. Bd6+ Kc4 49. Rh7 f6 50. Ra7 Rd4 51. Bf8 b4 52. Rxa5 Rd1+ 53. Kf2 b3 54. Rc5+ Kd4 55. Rc8 b2 56. Rd8+ Nd5 0-1

[Event "Najdorf mem 11th"]
[Site "Buenos Aires"]
[Date "2000.09.24"]
[Round "7"]
[White "Milov, Vadim"]
[Black "Ricardi, Pablo"]
[Result "1-0"]
[WhiteElo "2626"]
[BlackElo "2488"]
[PlyCount "97"]
[EventDate "2000.09.18"]
[Source "ChessBase"]
[SourceDate "2001.01.25"]

1. d4 Nf6 2. c4 g6 3. Nc3 d5 4. cxd5 Nxd5 5. e4 Nxc3 6. bxc3 Bg7 7. Bc4 c5 8. Ne2 Nc6 9. d5 Na5 10. Bb5+ Bd7 11. Qa4 b6 12. O-O Bxb5 13. Qxb5+ Qd7 14. Qd3 e6 15. Bg5 h6 16. Bd2 exd5 17. Nf4 O-O-O 18. Nxd5 Kb7 19. Rac1 c4 20. Qc2 f5 21. f3 Nc6 22. Bf4 fxe4 23. fxe4 Qe6 24. Nc7 Qe7 25. Qa4 Be5 26. Nd5 Qd6 27. Qxc4 Rhf8 28. Bxe5 Qxe5 29. Qd3 Qg5 30. Rb1 Ne5 31. Qd4 Rxf1+ 32. Rxf1 Rd7 33. h3 h5 34. a4 Nc6 35. Qf6 Qg3 36. Qe6 Qd6 37. Rf6 Qxe6 38. Rxe6 Rg7 39. Kf2 g5 40. Ke3 g4 41. h4 Rf7 42. Rf6 Rh7 43. Kf4 Nb8 44. e5 Nd7 45. Rd6 Rf7+ 46. Nf6 Nc5 47. Kf5 Nxa4 48. e6 Rg7 49. Ne8 1-0

[Event "Bundesliga 0203"]
[Site "Germany"]
[Date "2002.10.20"]
[Round "2"]
[White "Prusikhin, Mihailo"]
[Black "Ftacnik, Lubomir"]
[Result "1-0"]
[WhiteElo "2504"]
[BlackElo "2603"]
[PlyCount "63"]
[EventDate "2002.10.19"]
[Source "ChessBase"]
[SourceDate "2002.11.06"]

1. d4 Nf6 2. c4 g6 3. Nc3 d5 4. cxd5 Nxd5 5. e4 Nxc3 6. bxc3 Bg7 7. Bc4 Nc6 8. Ne2 e5 9. Be3 O-O 10. O-O Qe7 11. Qc2 Na5 12. Bd3 b6 13. Rab1 f5 14. exf5 Bxf5 15. Bxf5 Rxf5 16. Ng3 Rf7 17. Rbe1 Rd8 18. Ne4 Qd7 19. dxe5 Bxe5 20. Rd1 Qe8 21. Rxd8 Qxd8 22. Ng5 Rd7 23. h4 Qf6 24. Qe4 Re7 25. Qa8+ Kg7 26. Nf3 Qc6 27. Bh6+ Kxh6 28. Qf8+ Rg7 29. Nxe5 Qe6 30. Qf4+ g5 31. hxg5+ Rxg5 32. Nf7+ 1-0

[Event "Lost Boys op"]
[Site "Antwerp"]
[Date "1999.08.08"]
[Round "9"]
[White "Avrukh, Boris"]
[Black "Mikhalevski, Victor"]
[Result "1/2-1/2"]
[WhiteElo "2588"]
[BlackElo "2516"]
[PlyCount "26"]
[EventDate "1999.07.30"]
[Source "www.chesslib.no"]
[SourceDate "2004.05.04"]

1. d4 Nf6 2. c4 g6 3. Nc3 d5 4. cxd5 Nxd5 5. e4 Nxc3 6. bxc3 Bg7 7. Bc4 c5 8. Ne2 Nc6 9. Be3 cxd4 10. cxd4 Qa5+ 11. Bd2 Qd8 12. Be3 Qa5+ 13. Bd2 Qd8 1/2-1/2

[Event "Dubai op"]
[Site "Dubai"]
[Date "2002.04.19"]
[Round "5"]
[White "Neverov, Valeriy"]
[Black "Vokarev, Sergey"]
[Result "1/2-1/2"]
[WhiteElo "2587"]
[BlackElo "2517"]
[PlyCount "114"]
[EventDate "2002.04.15"]
[Source "ChessBase"]
[SourceDate "2002.05.03"]

1. c4 Nf6 2. Nc3 d5 3. cxd5 Nxd5 4. d4 g6 5. e4 Nxc3 6. bxc3 Bg7 7. Bc4 c5 8. Ne2 Nc6 9. Be3 cxd4 10. cxd4 Qa5+ 11. Bd2 Qd8 12. Be3 Qa5+ 13. Bd2 Qd8 14. Bc3 O-O 15. O-O Bg4 16. f3 Bd7 17. Qd2 a6 18. Rac1 Rc8 19. Rfd1 b5 20. Bb3 Qb6 21. Kh1 b4 22. Bb2 Na5 23. Nf4 Nxb3 24. axb3 Rxc1 25. Rxc1 a5 26. Nd5 Qd6 27. Rc5 e6 28. Ne3 Qf4 29. Rxa5 Bh6 30. Bc1 Rc8 31. Rc5 Rxc5 32. dxc5 Qxe3 33. Qxe3 Bxe3 34. Bxe3 f5 35. Bd2 fxe4 36. fxe4 Bc6 37. Bxb4 Bxe4 38. Bc3 Kf7 39. b4 Bc6 40. Kg1 e5 41. Bxe5 Ke6 42. Bc3 h5 43. Kf2 Kd5 44. Kg3 Kc4 45. Be1 Kb5 46. Kh3 Be4 47. Bd2 Kc6 48. g3 Bd3 49. Kh4 Be4 50. Kg5 Bd3 51. Kf6 Be4 52. Ke5 Bd3 53. Bh6 Be2 54. Bf8 Bd3 55. Bd6 Be2 56. Kf6 Bd3 57. h3 Bf5 1/2-1/2

[Event "4th IECC"]
[Site "Istanbul"]
[Date "2003.06.06"]
[Round "7"]
[White "Korobov, Anton"]
[Black "Avrukh, Boris"]
[Result "1-0"]
[WhiteElo "2513"]
[BlackElo "2586"]
[PlyCount "77"]
[EventDate "2003.05.30"]
[Source "Roberto Alvarez"]
[SourceDate "2003.06.23"]

1. d4 Nf6 2. c4 g6 3. Nc3 d5 4. cxd5 Nxd5 5. e4 Nxc3 6. bxc3 Bg7 7. Bc4 c5 8. Ne2 Nc6 9. Be3 cxd4 10. cxd4 Qa5+ 11. Bd2 Qd8 12. Bc3 O-O 13. O-O Bd7 14. Qd2 Rc8 15. Rac1 a6 16. Rfd1 b5 17. Bb3 Qb6 18. Qg5 Bf6 19. Qf4 b4 20. Bb2 Na5 21. Rxc8 Bxc8 22. e5 Bg7 23. d5 Nxb3 24. axb3 Qb5 25. Qd2 Bb7 26. Nf4 e6 27. d6 Bh6 28. Qd4 Bxf4 29. Qxf4 Qe2 30. Qd4 Bd5 31. h3 Rc8 32. Rd2 Qe1+ 33. Kh2 a5 34. Qf4 Qe4 35. Qxe4 Bxe4 36. d7 Rd8 37. Rd6 a4 38. bxa4 Bc2 39. Rc6 1-0